| 000 | 00983nam a22002537a 4500 | ||
|---|---|---|---|
| 005 | 20170124103042.0 | ||
| 010 | _aB-072349 | ||
| 020 |
_c160.00 _a8178195334 |
||
| 035 | _aB-072349 | ||
| 037 | _bCen Lib/Ret | ||
| 040 |
_aDPL _bHN |
||
| 082 |
_aक _bअजीत |
||
| 100 |
_aअजीत कौर _967645 |
||
| 245 |
_aकसायिबाडा / _cअजीत कौर |
||
| 246 |
_aKasayibada / _bby Ajeet Kaur |
||
| 260 |
_a नई दिल्ली _bकिताबघर प्रकाशन _c2002 |
||
| 270 |
_b नई दिल्ली _a24, अंसारी रोड, दरयागंज _e110002 |
||
| 300 |
_a166पृ. _c19सेमी (सजिल्द) |
||
| 650 |
_aहिंदी साहित्य _967646 |
||
| 650 |
_aहिंदी साहित्य _xकहानियां _967647 |
||
| 650 |
_aHindi literature _967648 |
||
| 650 |
_aHindi literature _xstories _967649 |
||
| 942 |
_2ddc _cHN _hक _mअजीत |
||
| 999 |
_c116663 _d116663 |
||